Contribution of watershed classification in tamao area, វិភាគទាននៃការរៀបចំចំណាត់ថ្នាក់ទីជំរាលនៅតំបន់ភ្នំតាម៉ៅ (Record no. 3116)

000 -LEADER
fixed length control field 00574nam a22001577a 4500
003 - CONTROL NUMBER IDENTIFIER
control field OSt
005 - DATE AND TIME OF LATEST TRANSACTION
control field 20151104142647.0
008 - FIXED-LENGTH DATA ELEMENTS--GENERAL INFORMATION
fixed length control field 151104b xxu||||| |||| 00| 0 eng d
040 ## - CATALOGING SOURCE
Transcribing agency RUA
082 ## - DEWEY DECIMAL CLASSIFICATION NUMBER
Classification number FOR SOK 1996 B123 Or.1
100 ## - MAIN ENTRY--PERSONAL NAME
9 (RLIN) 3343
Personal name SOK, VONG.
245 ## - TITLE STATEMENT
Title Contribution of watershed classification in tamao area, វិភាគទាននៃការរៀបចំចំណាត់ថ្នាក់ទីជំរាលនៅតំបន់ភ្នំតាម៉ៅ
260 ## - PUBLICATION, DISTRIBUTION, ETC. (IMPRINT)
Place of publication, distribution, etc. Phnom Penh
Name of publisher, distributor, etc. RUA
Date of publication, distribution, etc. 29cm.
300 ## - PHYSICAL DESCRIPTION
Extent 69cm.
Other physical details ill.
Dimensions 29cm.
942 ## - ADDED ENTRY ELEMENTS (KOHA)
Source of classification or shelving scheme
Koha item type FIS
Holdings
Price effective from Date last seen Permanent Location Not for loan Date acquired Source of classification or shelving scheme Koha item type Lost status Withdrawn status Date last checked out Total Checkouts Shelving location Damaged status Barcode Current Location Full call number
2015-11-042015-11-04Library Block B 2015-11-04 FIS    B123 RUA028657Library Block BFOR SOK 1996 B123 Or.1
2015-11-042018-12-28Library Block B 2015-11-04 FIS  2018-12-211B123 RUA028806Library Block BFOR SOK 1996 B123 Or.2
2015-11-042015-11-04Library Block B 2015-11-04 FIS    B123 RUA028965Library Block BFOR SOK 1996 B123 Or.3
មជ្ឈមណ្ឌលឯការនៃសាកលវិទ្យាល័យភូមិន្ទកសិកម្មចំការដូង

Powered by Koha